00842nam a2200181 a 450000100100000000500170001000800410002704000250006810000390009324500340013226000670016630000200023350000420025350001740029571000690046995201050053899900170064300004403820201002045117.0140513s20uu dr 000 0 spa d aDO-SdBNPbspacBNPHU1 aPellerano Gómez, Juan Ml.91185010aVisión y misión del juez. a[Santo Domingo] :bEscuela Nacional de la Judicatura,c[200?]. a15 p. ;c22 cm. aIncluye notas al pie de las páginas aCharla dictada en la entrega del premio al Segundo Concurso Nacional de Ensayos judiciales para los jueces el 1 de marzo del 2001 / Por el Dr. Juan Ml. Pellerano Gómez2 aEscuela Nacional de la Judicatura(República Dominicana)972016 0010718PDaPDbPDcHDd2014-05-13iLF1l0o p44038-10r2020-06-25w2020-06-25yLFPDZNo se presta c43527d43527